• 首页
  • 本馆介绍
  • 公告通知
  • 最新文献
  • 馆藏检索
  • 电子资源
  • 读者导购
  • 参考咨询
  • 我的图书馆
  • 登录
  • 详细信息显示
  • 放入我的书架
  • 预约/预借图书
  • 作者相关作品
  • 分类相关作品
  • 丛书相关作品
  • 出版社相关作品

书目信息

  • 表格格式
  • 工作单格式
  • 卡片格式
题名:
美国全方位主导战略
    
 
作者: 恩道尔 著 ;吕德宏 译
分册:  
出版信息: 北京   知识产权出版社  2009.08
页数: 362页
开本: 25cm
丛书名: 走向大国丛书——恩道尔地缘政治系列
单 册:
中图分类: D771.2 , D871.20
科图分类:
主题词: 霸权主义--研究--美国 , 美国对外政策--研究--现代 , 霸权主义 , 美国对外政策
电子资源:
ISBN: 978-7-80247-511-3
000 01312nam0 22003491 450
001 004340551
005 20100713044954.0
010    @a978-7-80247-511-3@dCNY43.00
100    @a20091207d2009 em y0chiy50 ea
101 1  @achi@ceng
102    @aCN@b110000
105    @aa z 000yy
200 1  @a美国全方位主导战略@Amei guo quan fang wei zhu dao zhan lue@9ba quan bei hou@f(美)威廉·恩道尔著@g吕德宏[等]译
210    @a北京@c知识产权出版社@d2009.08
215    @a362页@c图@d25cm
225 1  @a走向大国丛书——恩道尔地缘政治系列
300    @a霸权背后
304    @a译者还有:赵刚、郭寒冰、单立坡
330    @a本书详细描述了美国怎样运用秘密经济战争、人权、民主等各种方法,来弱化和孤立以中国为代表的其他国家,揭开了美国运用原始的军事力量对付其惟一的战略核对手俄罗斯的真相。
461  0 @12001 @a走向大国丛书——恩道尔地缘政治系列/赵刚、吕德宏、顾秀林主编
517 1  @a美国全方位主导战略@9mei guo quan fang wei zhu dao zhan lue
606 0  @a霸权主义@x研究@y美国
606 0  @a美国对外政策@x研究@y现代
606 0  @a霸权主义
606 0  @a美国对外政策
690    @aD771.2@v5
690    @aD871.20@v4
701  0 @c(美)@a恩道尔@9en dao er@f(1944~)@4著
702  0 @a吕德宏@9lv de hong@c(国际战略研究)@4译
801  0 @aCN@b91MARC@c20101222
905    @aBZT@dD771.2@e3
906    @dCNY43.00@n0@r1
    
    美国全方位主导战略/(美)威廉·恩道尔著/吕德宏[等]译.-北京:知识产权出版社,2009.08
    362页:图;25cm.-(走向大国丛书——恩道尔地缘政治系列)
    霸权背后
    
    ISBN 978-7-80247-511-3:CNY43.00
    本书详细描述了美国怎样运用秘密经济战争、人权、民主等各种方法,来弱化和孤立以中国为代表的其他国家,揭开了美国运用原始的军事力量对付其惟一的战略核对手俄罗斯的真相。
●
相关链接 在五车中查询图书 在当当中查询图书 在豆瓣中查询图书


正题名:美国全方位主导战略     索取号:D771.2/3         预约/预借

序号 登录号 条形码 馆藏地/架位号 状态 备注
1 754390   2000754390   样本书库/样001架A面2层1列/ [索取号:D771.2/3] 在馆    
2 754391   2000754391   中心书库南/012架A面5层2列/ [索取号:D771.2/3] 在馆    
3 754392   2000754392   中心书库南/012架A面5层2列/ [索取号:D771.2/3] 在馆    
4 754393   2000754393   中心书库南/012架A面5层2列/ [索取号:D771.2/3] 在馆    
5 754394   2000754394   中心书库南/012架A面5层2列/ [索取号:D771.2/3] 在馆    
6 754395   2000754395   中心书库南/012架A面5层2列/ [索取号:D771.2/3] 在馆    
山东省滨州职业学院图书馆 欢迎您!
大连网信软件有限公司© 版权所有